Estructuralismo y marxismo
Αποθηκεύτηκε σε:
| Κύριοι συγγραφείς: | , , , , |
|---|---|
| Μορφή: | Βιβλίο |
| Γλώσσα: | Ισπανικά |
| Έκδοση: |
Barcelona
Martínez Roca
1969
|
| Σειρά: | Colección Novocurso
|
| Θέματα: | |
| Ετικέτες: |
Προσθήκη ετικέτας
Δεν υπάρχουν, Καταχωρήστε ετικέτα πρώτοι!
|
MARC
| LEADER | 00000nam a2200000 a 4500 | ||
|---|---|---|---|
| 001 | UCZ2796 | ||
| 003 | CL-VaPUC | ||
| 008 | 951013e19690000SP |||||||||||||||||spa|d | ||
| 082 | 0 | 4 | |a 149.96 |b TRI |2 21 |
| 100 | 0 | |a Trías, Eugenio |e author |9 346545 | |
| 700 | 0 | |a Mouloud, Noel |e author |9 346546 | |
| 700 | 0 | |a Dubois, Jean |e author |9 346547 | |
| 700 | 0 | |a Cohen, Marcel |e author |9 346548 | |
| 700 | 0 | |a Parain, Charles |e author |9 346549 | |
| 245 | 1 | 0 | |a Estructuralismo y marxismo |
| 300 | |a 285 p | ||
| 942 | |c BK | ||
| 945 | |d 19951013 00:00:00 |a rbrito | ||
| 260 | |a Barcelona |b Martínez Roca |c 1969 | ||
| 650 | 0 | |a Estructuralismo |9 265696 | |
| 650 | 7 | |a MARXISMO |2 CL-VaPUC |9 346550 | |
| 583 | |a last modification |c 19951013 00:00:00 |k Rodrigo Vera | ||
| 490 | 0 | |a Colección Novocurso | |
| 999 | |c 239350 |d 239348 | ||